ბათუმის შოთა რუსთაველის სახელმწიფო უნივერსიტეტის ბიბლიოთეკა

ქართული ენისა და ლიტერატურის მასწავლებლის პროფესიული და მეთოდური გზამკვლევი (ბიბ.ჩანაწერი № 51016)

000 -LEADER
fixed length control field 01398nam a2200229Ia 4500
001 - CONTROL NUMBER
control field 17973
003 - CONTROL NUMBER IDENTIFIER
control field GE_BSU
008 - FIXED-LENGTH DATA ELEMENTS--GENERAL INFORMATION
fixed length control field 181216s||||||||xx |||||||||||||| ||und||
040 ## - CATALOGING SOURCE
Transcribing agency GE_BSU
080 ## - UNIVERSAL DECIMAL CLASSIFICATION NUMBER
Universal Decimal Classification number 811.353.1(072)+821.353.1(072)
100 ## - MAIN ENTRY--PERSONAL NAME
Personal name ავალიანი,ჯამბუ. აბზიანიძე, ლეილა. მამარდაშვილი, თამარ
245 ## - TITLE STATEMENT
Title ქართული ენისა და ლიტერატურის მასწავლებლის პროფესიული და მეთოდური გზამკვლევი
245 ## - TITLE STATEMENT
Remainder of title დამხმარე სასწ. მასალა მასწავლებელთა სასერტიფიკაციო გამოცდის მომზადებისა და სასწ. პროცესის უზრუნველსაყოფად
260 ## - PUBLICATION, DISTRIBUTION, ETC.
Place of publication, distribution, etc. ქუთაისი
260 ## - PUBLICATION, DISTRIBUTION, ETC.
Name of publisher, distributor, etc. აკაკი წერეთლის სახ. უნ-ტი
260 ## - PUBLICATION, DISTRIBUTION, ETC.
Date of publication, distribution, etc. 2012
300 ## - PHYSICAL DESCRIPTION
Extent 349გვ.29სმ.
653 ## - INDEX TERM--UNCONTROLLED
Uncontrolled term ქართული ენისა და ლიტერატურის მასწავლებლის პროფესიული და მეთოდური გზამკვლევი
653 ## - INDEX TERM--UNCONTROLLED
Uncontrolled term ქსეროქსი
942 ## - ADDED ENTRY ELEMENTS (KOHA)
Koha item type წიგნი
ეგზემპლარები
Withdrawn status Lost status Damaged status Not for loan Date acquired Barcode Date last seen Price effective from Koha item type
        2018-12-17 31 ქსეროქსი 2018-12-17 2018-12-17 წიგნი